Southville International School and Colleges
Your cart is empty.
  • Cart
  • Lists
    Public lists list_1 View all
    Your lists Log in to create your own lists
  • Log in to your account
  • Your cookies
  • Search history
Southville International School and Colleges
  • Advanced search
  • Recent comments
  • Most popular
  • Libraries

Log in to your account

Log in with GOOGLE


If you do not have an external account, but do have a local account, you can still log in:

  1. Home
  2. MARC view: The runaway santa
Normal view MARC view ISBD view

The runaway santa (Record no. 365859)

[ view plain ]
MARC details
000 -LEADER
fixed length control field 00513nam a22001817a 4500
003 - CONTROL NUMBER IDENTIFIER
control field 0
005 - DATE AND TIME OF LATEST TRANSACTION
control field 20240116070036.0
008 - FIXED-LENGTH DATA ELEMENTS--GENERAL INFORMATION
fixed length control field 240116b xxu||||| |||| 00| 0 eng d
020 ## - INTERNATIONAL STANDARD BOOK NUMBER
International Standard Book Number 978-1-5107-2765-6
050 ## - LIBRARY OF CONGRESS CALL NUMBER
Classification number ER
Item number Run939 2019
082 ## - DEWEY DECIMAL CLASSIFICATION NUMBER
Classification number ER
Item number Run939 2019
100 ## - MAIN ENTRY--PERSONAL NAME
Personal name Lewis, Anne Margaret
245 ## - TITLE STATEMENT
Title The runaway santa
Statement of responsibility, etc Anne Margaret Lewis
260 ## - PUBLICATION, DISTRIBUTION, ETC. (IMPRINT)
Place of publication, distribution, etc New York
Name of publisher, distributor, etc Sky Pony Press
Date of publication, distribution, etc c2019.
300 ## - PHYSICAL DESCRIPTION
Extent unpaged :
Other physical details colored illustrations ;
Dimensions 15cm.
650 ## - SUBJECT ADDED ENTRY--TOPICAL TERM
Topical term or geographic name as entry element Childrens stories.
942 ## - ADDED ENTRY ELEMENTS (KOHA)
Source of classification or shelving scheme Library of Congress Classification
Koha item type Books
Holdings
Withdrawn status Lost status Source of classification or shelving scheme Damaged status Home library Current library Shelving location Date acquired Source of acquisition Total Checkouts Full call number Barcode Date last seen Price effective from Koha item type
    Dewey Decimal Classification   Munich Library Munich Library Easy Reading Section 01/16/2024 Library Fund   ER Run939 2019 M8620 01/16/2024 01/16/2024 Books

The runaway santa

APA

Lewis A. M., . (2019). The runaway santa. New York: Sky Pony Press.

Chicago

Lewis Anne Margaret, . 2019. The runaway santa. New York: Sky Pony Press.

Harvard

Lewis A. M., . (2019). The runaway santa. New York: Sky Pony Press.

MLA

Lewis Anne Margaret, . The runaway santa. New York: Sky Pony Press. 2019.

  • Place hold
  • Print
  • Cite
  • Add to your cart (remove)
  • Save record
    BIBTEX Dublin Core MARCXML MARC (non-Unicode/MARC-8) MARC (Unicode/UTF-8) MARC (Unicode/UTF-8, Standard) MODS (XML) RIS
  • More searches
    Search for this title in:
    Other Libraries (WorldCat) Other Databases (Google Scholar) Online Stores (Bookfinder.com) Open Library (openlibrary.org)

Exporting to Dublin Core...

SOUTHVILLE LIBRARY

Southville International School and Colleges Library

1281 Tropical Ave. Cor. Luxembourg St., BF Homes International, Las Pinas City

Tel. No. 8256374 / 252358 Loc. 117/146

Powered by Koha